An Unamuno source book : (Record no. 141019)

MARC details
000 -LEADER
fixed length control field 01084nam a2200301 a 4500
001 - CONTROL NUMBER
control field vtls000135781
003 - CONTROL NUMBER IDENTIFIER
control field NLI
005 - DATE AND TIME OF LATEST TRANSACTION
control field 20210601211259.0
008 - FIXED-LENGTH DATA ELEMENTS--GENERAL INFORMATION
fixed length control field 101125s1973 xxca 000 0 eng
020 ## - INTERNATIONAL STANDARD BOOK NUMBER
International Standard Book Number 0802052681 :
Terms of availability USD 17.50
039 #9 - LEVEL OF BIBLIOGRAPHIC CONTROL AND CODING DETAIL [OBSOLETE]
-- 201011251442
-- VLOAD
040 0# - CATALOGING SOURCE
Original cataloging agency NLI
Language of cataloging eng
Transcribing agency Entertech-FY 2010
Description conventions AACR2
041 0# - LANGUAGE CODE
Language code of text/sound track or separate title eng
044 ## - COUNTRY OF PUBLISHING/PRODUCING ENTITY CODE
MARC country code xxc
082 04 - DEWEY DECIMAL CLASSIFICATION NUMBER
Classification number 017.2
100 1# - MAIN ENTRY--PERSONAL NAME
Personal name Valdes, Mario J.
9 (RLIN) 103999
245 13 - TITLE STATEMENT
Title An Unamuno source book :
Remainder of title a catalogue of readings and acquisitions, with an introductory essay on Unamuno's dialectical enquiry /
Statement of responsibility, etc. Mario J. Valdes and Maria Elena de Valdes
260 ## - PUBLICATION, DISTRIBUTION, ETC.
Place of publication, distribution, etc. [Toronto :
Name of publisher, distributor, etc. University of Toronto Press,
Date of publication, distribution, etc. 1973
300 ## - PHYSICAL DESCRIPTION
Extent xxxviii, 305 p. :
Other physical details ill. ;
Dimensions 24 cm.
600 10 - SUBJECT ADDED ENTRY--PERSONAL NAME
Personal name Unamuno, Miguel de,
Dates associated with a name 1864-1936
General subdivision Library
9 (RLIN) 275504
600 10 - SUBJECT ADDED ENTRY--PERSONAL NAME
Personal name Unamuno, Miguel de,
Dates associated with a name 1864-1936
General subdivision Books and reading
9 (RLIN) 275505
700 1# - ADDED ENTRY--PERSONAL NAME
Personal name Valdes, Maria Elena de,
Relationship jt. aut
9 (RLIN) 275506
887 ## - NON-MARC INFORMATION FIELD
Content of non-MARC field
901 ## - LOCAL DATA ELEMENT A, LDA (RLIN)
a 464221
b 16.8.1980.
902 ## - LOCAL DATA ELEMENT B, LDB (RLIN)
a E 017.2 V 233.
949 ## - LOCAL PROCESSING INFORMATION (OCLC)
-- VIRTUAITEM
-- 10000
-- 100
6 PUR000464221ENG
942 ## - ADDED ENTRY ELEMENTS (KOHA)
Source of classification or shelving scheme Dewey Decimal Classification
Koha item type Books
Holdings
Withdrawn status Lost status Damaged status Not for loan Collection code Home library Current library Shelving location Date acquired Total Checkouts Full call number Barcode Date last seen Price effective from Koha item type
        New English National Library of India National Library of India New English - Main Stack Division     E 017.2 V 233. PUR000464221ENG 01/06/2021 01/06/2021 Books
                                                                           
web counter

Copyright ©2020 The National Library of India, Govt. of India ↔ Hosted by NVLI, MOC ↔ Technology and Design by National Library of India, Ministry of Culture, Govt. of India